| 000 | 00843cam a22001934a 4500 | ||
|---|---|---|---|
| 005 | 20250605164400.0 | ||
| 008 | 250528s ||||||||||||||||||||||||d | ||
| 035 | _a24543 | ||
| 040 |
_aGR-AtMCL _bgre _dGR-AtMCL _eAACR2 |
||
| 245 | 1 | _aΤο Mobile Advertising είναι Εδώ | |
| 260 | _c2010 | ||
| 300 | _a50 | ||
| 520 | _aH Scholz ο Εγκέφαλος και η Win η Καρδιά, Θα είναι Χρονιά-Ορόσημο το 2010, Κίνηση-Ματ με το Smart Cut, Ψυχαγωγία και Branding: Πληροφορίες Εντός, Εντάξτε το Digital στο DNA της Εταιρείας σας, Η Εξελικτική Θεωρία του Τύπου. | ||
| 700 | 1 |
_aΚορδελάς Δημήτρης _99464 |
|
| 942 | _cCR | ||
| 710 | 2 |
_aThe Marketing Week _99825 |
|
| 999 |
_c9420 _d9420 |
||